Gemeinden des Kantons Schaffhausen - Statistiken

Allgemein
  • Dieses Quiz wurde 1.341 mal gespielt
    784 seit der letzten Aktualisierung
  • Das Durchschnittsergebnis liegt bei 14 aus 26
Antworten auf der Karte
Die Antworten werden auf der Karte rot bzw. grün angezeigt, abhängig davon wie oft sie richtig erraten wurden.
 
Antwortstatistiken
Einwohner Gemeinde % Korrekt
38'964 Schaffhausen
98%
11’834 Neuhausen am Rheinfall
79%
3’770 Stein am Rhein
78%
5’881 Thayngen
71%
2’423 Hallau
66%
1’655 Ramsen
60%
336 Buch
58%
1’845 Schleitheim
57%
5’269 Beringen
55%
456 Oberhallau
54%
342 Bargen
53%
2’660 Neunkirch
52%
885 Buchberg
50%
760 Lohn
50%
1’738 Wilchingen
50%
1’056 Dörflingen
48%
888 Siblingen
47%
905 Merishausen
46%
815 Rüdlingen
46%
1’479 Stetten
46%
619 Trasadingen
46%
1’642 Löhningen
45%
485 Beggingen
43%
1’029 Gächlingen
42%
493 Hemishofen
42%
438 Büttenhardt
38%
Keine übereinstimmenden Quizze gefunden
Verteilung der Resultate
Anzahl Personen mit jedem Resultat
Perzentil nach korrekt beantworteten Fragen
Ihre Resultats-Entwicklung
Sie haben dieses Quiz seit der letzten Aktualisierung nicht gespielt